000 00207nam a22001097a 4500
040 _cSK
082 _a428
100 _aRICHARD HALLOWS
245 _aIELTS EXPRESS
260 _aUSTRALIA
_bRIC
_cNA
942 _cEK
999 _c8534
_d8534